| 000 | 01493cam a2200349 a 4500 | ||
|---|---|---|---|
| 001 | 1596875 | ||
| 005 | 20060724083202.0 | ||
| 008 | 940518s1994 nyu b 001 0 eng | ||
| 010 | _a 94020564 | ||
| 020 | _a0415389577 | ||
| 020 |
_a9780415389570 _c$16.95 |
||
| 040 |
_aDLC _cDLC _dDLC |
||
| 041 | 1 |
_aeng _hfre |
|
| 050 | 0 | 0 |
_aHX39.5 _b.D4613 1994 |
| 082 | 0 | 0 |
_a335.4 _222 _bDER |
| 100 | 1 |
_aDerrida, Jacques. _923798 |
|
| 240 | 1 | 0 |
_aSpectres de Marx. _lEnglish |
| 245 | 1 | 0 |
_aSpecters of Marx : _bThe State of the Debt, the Work of Mourning, and the New International / _cJacques Derrida ; translated by Peggy Kamuf ; with an introduction by Bernd Magnus and Stephen Cullenberg. |
| 260 |
_aNew York : _bRoutledge, 2006 _c2006 |
||
| 300 |
_axx, 258 p. ; _c24 cm. |
||
| 490 |
_94645 _aRoutledge classics |
||
| 500 | _aTranslated from French. | ||
| 504 | _aIncludes bibliographical references (p. 177-196) and index. | ||
| 600 | 1 | 0 |
_aMarx, Karl, _d1818-1883. _923799 |
| 650 | 0 |
_aCommunism. _923800 |
|
| 650 | 0 |
_aPost-communism. _923801 |
|
| 653 |
_bPol _cMay2011 |
||
| 856 | 4 | 2 |
_3Publisher description _uhttp://www.loc.gov/catdir/enhancements/fy0664/94020564-d.html |
| 942 |
_2ddc _cBB |
||
| 999 |
_c15277 _d15277 |
||